Arte de cuidar a los enfermos (Record no. 75517)

MARC details
000 -LEADER
campo de control de longitud fija 00697nam a2200181 i 4500
001 - NÚMERO DE CONTROL
campo de control 75517
003 - IDENTIFICADOR DE NÚMERO DE CONTROL
campo de control ES-MaACL
005 - FECHA Y HORA DE LA ÚLTIMA TRANSACCIÓN
campo de control 20230906172505.0
007 - CAMPO FIJO DE DESCRIPCIÓN FÍSICA--INFORMACIÓN GENERAL
campo de control de longitud fija t|
008 - DATOS DE LONGITUD FIJA--INFORMACIÓN GENERAL
campo de control de longitud fija 040924s1936 sp ||||1| spa d
100 1# - ENTRADA PRINCIPAL--NOMBRE DE PERSONA
Nombre de persona Grenet, L.
9 (RLIN) 59939
245 10 - MENCIÓN DEL TÍTULO
Título Arte de cuidar a los enfermos
Resto del título : manual teórico-práctico para uso de las familias en general y de las enfermeras en particular /
Mención de responsabilidad, etc. por L. Grenet ; traducido por J. de D. S. Hurtado ; corregido y aumentado por el Dr. Jerónimo Estrany.
260 ## - PUBLICACIÓN, DISTRIBUCIÓN, ETC.
Lugar de publicación, distribución, etc. Barcelona :
Nombre del editor, distribuidor, etc. S.A.D.A.G.,
Fecha de publicación, distribución, etc. 1936.
300 ## - DESCRIPCIÓN FÍSICA
Extensión 420 p. ;
Dimensiones 19 cm.
700 1# - ENTRADA AGREGADA--NOMBRE PERSONAL
Nombre de persona Hurtado, Juan de Dios S.
9 (RLIN) 64781
700 1# - ENTRADA AGREGADA--NOMBRE PERSONAL
Nombre de persona Estrany, Jerónimo.
9 (RLIN) 48246
852 ## - LOCALIZACIÓN
Ubicación ES-MaACL
Número de control de estantería A-5261
Sublocalización o colección R.17091
Holdings
Estatus retirado Estado de pérdida Estado de daño No para préstamo Biblioteca de origen Biblioteca actual Ubicación en estantería Fecha de adquisición Fuente de adquisición Total de préstamos Signatura topográfica completa Código de barras Visto por última vez Precio de reemplazo Tipo de ítem Koha
        Biblioteca del Ateneo de Madrid Biblioteca del Ateneo de Madrid Sala Pecera Planta 1 17/01/2008     A-5261 1079043 23/02/2023 23/02/2023 Libro impreso